000
00323nam a2200121Ia 4500
008
180219s9999 xx 000 0 und d
020
_a
801627001
100
_a
Hamilton, Persis Mary
245
_a
Basic maternity nursing /
250
_a
6th ed
260
_a
Canada :
_b
The C.V. mosby company
_c
1989
300
_a
v, 387 pages
999
_c
355969
_d
355969